| 000 | 00703nam a2200229Ia 4500 | ||
|---|---|---|---|
| 003 | GCL | ||
| 008 | 140319s9999 xx 000 0 ara d | ||
| 040 |
_aGCL / _cGCL |
||
| 082 | 0 | 4 |
_a327.56047 _bس س |
| 100 | 1 | _aسليم توما (مترجم) | |
| 245 | 1 | 0 |
_aسفن روسيا فى الخليج العربى 1899_ 1903 / _cسليم توما (مترجم) |
| 260 |
_a[S.N] : _bدار التقدم ، _c1990 |
||
| 300 | _a175 ص | ||
| 490 | _a | ||
| 650 | 0 | 4 | _aالعالم العربى |
| 650 | 0 | 4 | _aتاريخ |
| 650 | 0 | 4 | _aالاتحاد السوفيتى |
| 650 | 0 | 4 | _aالعلاقات الخارجية |
| 650 | 0 | 4 | _aالخليج العربى |
| 650 | 0 | 4 | _aالاسطول |
| 942 |
_2ddc _cBK |
||
| 999 |
_c35274 _d35274 |
||